000 00530nam a22001937a 4500
003 KOHA_MİRAKIL
005 20251105123013.0
008 251105b tu ||||| |||| 00| 0 tur d
020 _a9786053755609
040 _aTR-AnABB
_btur
_cTR-AnABB
041 _atur
082 _a823.914
_bMOO 2016
100 1 _aMoorcock, Michael,
245 1 0 _aElric /
_cMichael Moorcock
260 _aİstanbul :
_bİthaki Yayınları,
_c2016
300 _a390 sayfa ;
_c21 cm
650 0 4 _aİngiliz edebiyatı, roman
942 _2ddc
_cBK
999 _c9273
_d9273
900 _bGizem YORULMAZ